Normale Ansicht
MARC-Ansicht
Eintrag Personenname
001 - Kontrollnummer
- Kontrollfeld: 68527
003 - Kontrollnummer Identifier
- Kontrollfeld:
005 - Datum und Zeit der letzten Transaktion
- Kontrollfeld: 20260219092216.0
008 - Datenelemente mit fester Länge
- Kontrollfeld mit fester Länge: 260219|| aca||aabn | a|a d
040 ## - Katalogisierungsquelle
- Original-Katalogisierungsstelle:
- Übertragungsstelle:
100 ## - Ansetzung - Personenname
- Personenname: Dzamichov, K. F
670 ## - Datenquelle
- Quellenangabe: Work cat.: ()73761: edt Dzamichov, K. F., Veka sovmestnoj istorii